01015nam a2200349 a 4500003000900000005001700009008004100026020001800067040001300085245002200098250001200120260002900132300001600161490004700177504004700224650001500271650003500286650001200321650001300333650001700346650002400363650002600387650002600413653002000439653003900459700002800498700002900526700002800555700002500583700002900608700002800637AR-BaBNM20251128205722.0082120s2002 ||||||||||||||000 | spa|| a84-7738-084-8 cAR-BaBNM00aNúmeros enteros a1ª ed. aMadridbSíntesisc1990 a207 p.bil. 0aMatemáticas: cultura y aprendizajevv. 6 aBibliografía al final de cada capítulo 4aMATEMATICA 4aENSEÑANZA DE LAS MATEMATICAS 4aCALCULO 4aHISTORIA 4aRENACIMIENTO 4aCONCEPTOS NUMERICOS 4aCONCEPTOS GEOMETRICOS 4aCONCEPTOS ALGEBRAICOS aNUMEROS ENTEROS aPROCESO DE ENSEÑANZA-APRENDIZAJE1 aGonzález, José Luis1 aIriarte, María Dolores1 aJimeno Pérez, Manuela1 aOrtiz Comas, Alfonso1 aOrtiz Villarejo, Antonio1 aSanz Jiménez, Esteban